Creación Poética: J. Guillen - Salinas - A. Machado - D. Alonso - S. J. de la Cruz - M. Pinillos

Salvato in:
Dettagli Bibliografici
Autore principale: Frutos Cortés, Eugenio (Autore)
Natura: Libro
Lingua:spagnolo
Pubblicazione: Madrid José Porrúa Turanzas 1976
Soggetti:
Tags: Aggiungi Tag
Nessun Tag, puoi essere il primo ad aggiungerne!!

MARC

LEADER 00000nam a2200000 a 4500
001 UCQ6298
003 CL-VaPUC
008 981009e19760000SP |||||||||||||||||spa|d
082 0 4 |a 861.09  |b FRU  |2 21 
100 0 |a Frutos Cortés, Eugenio  |e author  |9 420172 
245 1 0 |a Creación Poética: J. Guillen - Salinas - A. Machado - D. Alonso - S. J. de la Cruz - M. Pinillos 
300 |a 379 p 
942 |c BK 
945 |d 19981009 00:00:00  |a crobeson 
260 |a Madrid  |b José Porrúa Turanzas  |c 1976 
650 0 |a Poesía española  |9 264938 
650 0 |a Literatura española  |9 306261 
650 0 |a Creación literaria   |9 307247 
650 0 |a Historia y crítica   |9 257407 
583 |a last modification  |c 19981009 00:00:00  |k Rodrigo Vera 
999 |c 276297  |d 276295 
952 |0 0  |1 0  |4 0  |6 861_090000000000000_FRU_1976  |7 0  |8 A  |9 313464  |a BIBEDU  |b BIBEDU  |d 2019-11-20  |i 1477870  |o 861.09 FRU 1976  |p 1477870  |r 2019-11-20  |w 2019-11-20  |y BK  |k LIT